Stemmi ed Emblemi dei Comuni Italiani - Statistics

Statistiche generali
  • Questo quiz è stato fatto 31 volte
  • Il punteggio medio è 16 su 30
Statistiche sulle risposte
con Immagini Risposta % Corretto
Firenze
92%
Roma
84%
Milano
80%
Torino
80%
Venezia
76%
Brescia
72%
Catania
72%
Parma
72%
Bari
68%
Genova
68%
Trieste
68%
Bologna
64%
Ravenna
60%
Verona
60%
Messina
52%
Taranto
52%
Latina
48%
Cagliari
44%
Napoli
44%
Ferrara
40%
Livorno
40%
Perugia
40%
Rimini
40%
Prato
36%
Modena
32%
Reggio Calabria
32%
Padova
28%
Palermo
28%
Foggia
24%
Reggio Emilia
20%
Nessun quiz corrispondente trovato
Distribuzione punteggi
Percentuale di utenti per punteggio
Percentile per numero di risposta
I tuoi punteggi nel tempo
Non hai fatto questo quiz